| 000 -LEADER |
| fixed length control field |
nam a22 a 4500 |
| 003 - CONTROL NUMBER IDENTIFIER |
| control field |
AKMAL |
| 005 - DATE AND TIME OF LATEST TRANSACTION |
| control field |
20170504095050.0 |
| 008 - FIXED-LENGTH DATA ELEMENTS--GENERAL INFORMATION |
| fixed length control field |
170504t2015 -usa e 001 0 eng d |
| 020 ## - INTERNATIONAL STANDARD BOOK NUMBER |
| International Standard Book Number |
9781452274133 |
| Qualifying information |
paperback |
| Terms of availability |
RM205.14 |
| 040 ## - CATALOGING SOURCE |
| Original cataloging agency |
AKMAL |
| 082 04 - DEWEY DECIMAL CLASSIFICATION NUMBER |
| Classification number |
172.2 BOW |
| Edition number |
23 |
| 090 00 - LOCALLY ASSIGNED LC-TYPE CALL NUMBER (OCLC); LOCAL CALL NUMBER (RLIN) |
| Classification number (OCLC) (R) ; Classification number, CALL (RLIN) (NR) |
172.2 |
| Local cutter number (OCLC) ; Book number/undivided call number, CALL (RLIN) |
BOW |
| 100 1# - MAIN ENTRY--PERSONAL NAME |
| Personal name |
Bowman, James S, |
| Relator term |
author. |
| 9 (RLIN) |
1122 |
| 245 10 - TITLE STATEMENT |
| Title |
Public Service Ethics : |
| Remainder of title |
Individual and Institutional Responsibilities / |
| Statement of responsibility, etc. |
James S. Bowman, Jonathan P.West |
| 264 #1 - PRODUCTION, PUBLICATION, DISTRIBUTION, MANUFACTURE, AND COPYRIGHT NOTICE |
| Place of production, publication, distribution, manufacture |
Los Angeles : |
| Name of producer, publisher, distributor, manufacturer |
SAGE, |
| Date of production, publication, distribution, manufacture, or copyright notice |
[2015] |
| 264 #4 - PRODUCTION, PUBLICATION, DISTRIBUTION, MANUFACTURE, AND COPYRIGHT NOTICE |
| Date of production, publication, distribution, manufacture, or copyright notice |
©2015 |
| 300 ## - PHYSICAL DESCRIPTION |
| Extent |
xv, 342 pages : |
| Other physical details |
illustrations ; |
| Dimensions |
23 cm |
| 504 ## - BIBLIOGRAPHY, ETC. NOTE |
| Bibliography, etc. note |
Includes bibliographical references and index |
| 520 ## - SUMMARY, ETC. |
| Summary, etc. |
The emphasis of this text is not only on "how to," but also "why", and the book offers readers practical knowledge and insight into ethics in government. To that end, the book is not about right and wrong answers. Rather it aims to understand ethics and human behaviour in an analytical, yet provocative manner by extending one's ordinary moral experience by making it explicit, clearer, and more consistent |
| 650 10 - SUBJECT ADDED ENTRY--TOPICAL TERM |
| Topical term or geographic name entry element |
Public administration |
| General subdivision |
Moral and ethical aspects |
| 9 (RLIN) |
1123 |
| 650 20 - SUBJECT ADDED ENTRY--TOPICAL TERM |
| Topical term or geographic name entry element |
Civil service ethics |
| 9 (RLIN) |
1124 |
| 650 20 - SUBJECT ADDED ENTRY--TOPICAL TERM |
| Topical term or geographic name entry element |
Political ethics |
| 9 (RLIN) |
1125 |
| 942 ## - ADDED ENTRY ELEMENTS (KOHA) |
| Source of classification or shelving scheme |
|
| Koha item type |
Book |
| 950 ## - LOCAL HOLDINGS (RLIN) |
| Permanent shelving location, LOC (RLIN) |
AKMAL |